[Event "Bad Wiessee (28.10.-04.11)"]
[Site "?"]
[Date "2000.10.29"]
[Round "2"]
[White "Roemhild Marcus"]
[Black "Doettling Fabian"]
[Result "0-1"]
[WhiteElo "2155"]
[BlackElo "2487"]
[PlyCount "74"]
[EventDate "2000.??.??"]
[Source "www.chesslib.no"]
[SourceDate "2004.05.04"]

1. d4 d5 2. Nf3 Nf6 3. e3 e6 4. Bd3 Be7 5. O-O O-O 6. b3 b6 7. Nbd2 c5 8. Ne5 cxd4 9. exd4 Ba6 10. Qe2 Bxd3 11. cxd3 Nfd7 12. Ndf3 Nxe5 13. Nxe5 Bd6 14. f4 Qe8 15. Bd2 Nc6 16. Nxc6 Qxc6 17. Rac1 Qd7 18. Qf3 Rac8 19. f5 exf5 20. Rxc8 Rxc8 21. Qxf5 Qxf5 22. Rxf5 Rd8 23. g3 Ba3 24. Kf1 f6 25. Ke2 Kf7 26. Kd1 Ke6 27. Rf2 Be7 28. g4 Rh8 29. Re2+ Kd7 30. h3 h5 31. g5 fxg5 32. Re5 Bf6 33. Rxd5+ Ke6 34. Rb5 g4 35. d5+ Kd6 36. hxg4 h4 37. Bb4+ Kd7 0-1

[Event "V Open"]
[Site "Vandoeuvre les Nancy FRA"]
[Date "2008.12.28"]
[Round "5"]
[White "Iglesias, Joa"]
[Black "Velicka, P."]
[Result "1-0"]
[WhiteElo "2178"]
[BlackElo "2464"]
[PlyCount "99"]
[EventDate "2008.12.26"]
[Source "www.chesslib.no"]
[SourceDate "2004.05.04"]

1. d4 d5 2. Nf3 Nf6 3. e3 e6 4. Bd3 c5 5. c3 Nc6 6. Nbd2 Bd6 7. O-O O-O 8. dxc5 Bxc5 9. e4 Bd6 10. Re1 Qc7 11. Qe2 Bf4 12. g3 Bh6 13. e5 Nd7 14. Nb3 Bxc1 15. Raxc1 Rd8 16. Nbd4 Nf8 17. h4 Qe7 18. Kg2 Bd7 19. Rh1 Nxd4 20. Nxd4 f6 21. exf6 Qxf6 22. Rce1 Re8 23. f4 Bc6 24. Qg4 Re7 25. Re3 Rae8 26. Rhe1 e5 27. fxe5 Rxe5 28. Rxe5 Rxe5 29. Rf1 Bd7 30. Bxh7+ Kxh7 31. Rxf6 Bxg4 32. Rxf8 Re1 33. Rf4 Bd7 34. Rf7 Bc6 35. Rf1 Re7 36. Kf2 Bd7 37. Nf3 Bg4 38. Ng5+ Kg6 39. Re1 Rd7 40. Ke3 Re7+ 41. Kd2 Rd7 42. Kd3 d4 43. cxd4 Bf5+ 44. Ke3 Re7+ 45. Kd2 Rxe1 46. Kxe1 Kh5 47. d5 Kg4 48. Ne6 g6 49. Nf8 Kxg3 50. Nxg6 1-0